| 000 | 00500nmm a2200169Ia 4500 | ||
|---|---|---|---|
| 008 | 251105s9999||||xx |||||||||||||||||und|| | ||
| 020 | _a9788413050119 | ||
| 041 | _aspa | ||
| 100 | _aFernández Sarasola, Ignacio | ||
| 245 | 0 | _aLa Constitución española en 100 preguntas | |
| 264 |
_a[Madrid, España] : _bEdiciones Nowtilus, _c2019 |
||
| 300 | _a352 páginas | ||
| 490 | _a100 Preguntas Esenciales | ||
| 650 | _aLaw | ||
| 856 | _uhttps://public.digitaliapublishing.com/a/171837 | ||
| 942 | _cCF | ||
| 999 |
_c76293 _d76293 |
||